000
00257nam a2200109Ia 4500
008
220204s9999 xx 000 0 und d
082
_a
915(540)
_b
GOP
100
_a
GopalSingh
245
0
_a
Geography of India
260
_a
Delhi
_b
Atma Ram
_c
1976
942
_c
BK
999
_c
28851
_d
28851